• 首页
  • 本馆介绍
  • 公告通知
  • 最新文献
  • 馆藏检索
  • 电子资源
  • 读者荐购
  • 参考咨询
  • CALIS
  • 我的图书馆
  • 登录
  • 详细信息显示
  • 放入我的书架
  • 预约/预借图书
  • 作者相关作品
  • 分类相关作品
  • 丛书相关作品
  • 出版社相关作品

书目信息

  • 表格格式
  • 工作单格式
  • 卡片格式
题名:
遥感云计算与科学分析
    
 
作者: 董金玮 编著
分册:  
出版信息: 北京   科学出版社  2020.09
页数: xii, 345页
开本: 24cm
丛书名:
单 册:
中图分类: TP751
科图分类:
主题词: 云计算--yun ji suan--应用--遥感图象--图象分析--研究
电子资源:
ISBN: 978-7-03-066181-4
 
 
 
 
 
000 01025nam0 2200253 450
001 95051
005 20250901173426.45
010    @a978-7-03-066181-4@dCNY128.00
100    @a20201021d2020 em y0chiy50 ea
101 0  @achi
102    @aCN@b110000
105    @aa a 000yy
106    @ar
200 1  @a遥感云计算与科学分析@Ayao gan yun ji suan yu ke xue fen xi@e应用与实践@f董金玮 ... [等] 编著
210    @a北京@c科学出版社@d2020.09
215    @axii, 345页@c图 (部分彩图)@d24cm
304    @a题名页题其余责任者: 李世卫, 曾也鲁, 闫凯, 付东杰
320    @a有书目
330    @a本书聚焦遥感云计算的科学和技术前沿, 从理论与基础、实践与简明教程、经典应用案例三个方面进行系统的阐述。本书是国内首次对遥感云计算平台的应用和实践进行详细介绍的专著, 预期会吸引众多地理信息和遥感领域的科研人员、高校师生和从业人员的广泛关注。
606 0  @a云计算@Ayun ji suan@x应用@x遥感图象@x图象分析@x研究
690    @aTP751@v5
701  0 @a董金玮@Adong jin wei@4编著
801  0 @aCN@c20250909
905    @a河南城建学院图书馆@dTP751@eD703@f1
    
    遥感云计算与科学分析:应用与实践/董金玮 ... [等] 编著.-北京:科学出版社,2020.09
    xii, 345页:图 (部分彩图);24cm
    
    
    ISBN 978-7-03-066181-4:CNY128.00
    本书聚焦遥感云计算的科学和技术前沿, 从理论与基础、实践与简明教程、经典应用案例三个方面进行系统的阐述。本书是国内首次对遥感云计算平台的应用和实践进行详细介绍的专著, 预期会吸引众多地理信息和遥感领域的科研人员、高校师生和从业人员的广泛关注。
●
相关链接 在E读中查询图书 在当当中查询图书 在豆瓣中查询图书


正题名:遥感云计算与科学分析     索取号:TP751/D703         预约/预借

序号 登录号 条形码 馆藏地/架位号 状态 备注
1 1629109   216291091   自科库301/301自科库 136排2列3层/ [索取号:TP751/D703] 在馆    
河南城建学院图书馆 欢迎您!
大连网信软件有限公司© 版权所有